00533nam a2200169Ia 450000500170000000800410001708200130005810000190007124500510009026000600014130000200020165000130022165000120023494200060024695200960025299900150034820250203060123.0240331s9999 xx 000 0 und d bTHEa954 aGeiger, W. tr 4aThe mahavamsa :bthe great chronicle of Ceylon aColombobCeylon Government information Departmentc1950 alxiii, 327 p ., aBuddhism aSociety cL 001040708LaWERCLbWERCLcSSCd2024-03-31l0o 954.93 THEp23r2024-03-31w2024-03-31yL c3483d3483